00633nam a2200193Ia 4500008004100000020000700041082001500048100001800063245004500081250000700126260003400133300002900167500001900196600002100215650005000236942000700286952013100293999001500424240925s9999 xx 000 0 und d aNA a005.44 MIC aMicrosoft - - 0aGetting Results With Microsoft Office 97 aNA aCalifornia:bAutodeskc,1995. aviii,610p.bNAfOriginal aIncludes Index aComputer Science aComputer science, information & general works cBK 011440708CSaUITUbUITUd1998-01-30eModern Book Seller g200.00l0o005.44 MICpQ1490r2024-09-25 07:12:27w2024-09-25yBK c3989d3989